000 00417nam a2200169Ia 4500
003 GCL
008 140319s9999 xx 000 0 eng d
040 _aGCL /
_cGCL
082 0 4 _a912.56
_bG R
100 1 _aGEO PROJECTS
245 1 0 _aROAD MAP OF THE MIDDLE EAST /
_cGEO PROJECTS
260 _a[S.N] :
_bGEO PROJECTS
650 0 4 _aMAPS
650 0 4 _aMIDDLE EAST
650 0 4 _aMIDDLE EAST - MAPS
942 _2ddc
_cBK
999 _c14958
_d14958